Pro Sports Teams by City/Region Quiz Stats

 Plays Quiz not verified by Sporcle

Challenge
Share
Tweet
Embed
Score 0/122 Timer 07:00
0 Plays Today
City/Region Team % Correct
New York CityGiants
98.8%
San FranciscoGiants
98.8%
CincinnatiReds
98.2%
BostonRed Sox
97.9%
New EnglandPatriots
97.9%
New York CityYankees
97.6%
New York CityJets
97.3%
New JerseyNets
97.3%
BaltimoreRavens
97.3%
BostonCeltics
97%
PittsburghSteelers
97%
New York CityKnicks
96.7%
Miami Heat
96.7%
BuffaloBills
96.4%
New York CityMets
96.1%
PhilidelphiaEagles
96.1%
PhilidelphiaPhillies
96.1%
CarolinaPanthers
96.1%
FloridaPanthers
96.1%
MiamiDolphins
95.8%
New York CityRangers
95.5%
Washington D.C.Redskins
95.5%
ClevelandBrowns
95.5%
AtlantaFalcons
95.5%
Orlando Magic
95.2%
TexasRangers
95.2%
Philidelphia76ers
94.6%
New OrleansSaints
94.6%
TennesseeTitans
94.6%
ClevelandIndians
94.3%
AtlantaBraves
94.3%
ChicagoWhite Sox
94.3%
St. LouisCardinals
94%
ArizonaCardinals
94%
PittsburghPirates
93.7%
JacksonvilleJaguars
93.7%
ClevelandCavaliers
93.4%
ChicagoCubs
93.4%
BostonBruins
93.1%
DetroitLions
93.1%
IndianapolisColts
93.1%
City/Region Team % Correct
PhilidelphiaFlyers
92.8%
ChicagoBears
92.8%
Green BayPackers
92.8%
PittsburghPenguins
92.5%
Washington D.C.Wizards
92.5%
BaltimoreOrioles
92.2%
IndianaPacers
92.2%
Tampa BayBuccaneers
91.9%
CincinnatiBengals
91.9%
MemphisGrizzlies
91.9%
St. LouisRams
91.9%
Tampa BayRays
91.6%
FloridaMarlins
91.3%
AtlantaHawks
91.3%
ChicagoBulls
91.3%
DetroitTigers
91%
DetroitPistons
91%
Washington D.C.Nationals
91%
MinnesotaVikings
90.7%
San AntonioSpurs
90.4%
DetroitRed Wings
89.9%
DallasCowboys
89.9%
New OrleansHornets
89.3%
CharlotteBobcats
89.3%
MilwaukeeBrewers
88.7%
OaklandAthletics
88.1%
New JerseyDevils
87.8%
DenverBroncos
87.8%
New York CityIslanders
87.5%
MinnesotaTwins
87.5%
MilwaukeeBucks
87.2%
Los AngelesLakers
86.9%
HoustonTexans
86.6%
MinnesotaTimberwolves
85.7%
ColoradoRockies
85.7%
Los AngelesKings
85.7%
Oklahoma CityThunder
85.7%
SacramentoKings
85.7%
Kansas CityChiefs
84.8%
Los AngelesDodgers
84.8%
BuffaloSabres
84.2%
City/Region Team % Correct
HoustonRockets
84.2%
DallasMavericks
84.2%
HoustonAstros
83.9%
DenverNuggets
83.9%
Washington D.C.Capitals
83.6%
ChicagoBlackhawks
83.6%
PhoenixSuns
83.6%
UtahJazz
83.3%
Los Angeles/AnaheimAngels
83.3%
Kansas CityRoyals
82.1%
Los AngelesClippers
81.5%
Tampa BayLightning
80.9%
St. LouisBlues
80.6%
San DiegoChargers
80.6%
OaklandRaiders
80.6%
Arizona Diamondbacks
80.3%
AnaheimDucks
79.4%
NashvillePredators
79.1%
San DiegoPadres
78.8%
CarolinaHurricanes
78.8%
DallasStars
78.8%
San Francisco49ers
78.2%
SeattleSeahawks
77%
ColoradoAvalanche
76.4%
SeattleMariners
76.4%
TorontoBlue Jays
76.4%
San JoseSharks
76.1%
PortlandTrail Blazers
75.8%
ColumbusBlue Jackets
75.5%
Golden StateWarriors
75.2%
MinnesotaWild
73.4%
TorontoRaptors
73.1%
EdmontonOilers
72.8%
AtlantaThrashers
71.6%
VancouverCanucks
70.7%
CalgaryFlames
70.4%
OttawaSenators
68.4%
TorontoMaple Leafs
68.1%
MontrealCanadiens
68.1%
PhoenixCoyotes
67.8%

You're not logged in!

Compare scores with friends on all Sporcle quizzes.
Join for Free
OR
Log In

You Might Also Like...

Show Comments

Extras

Top Quizzes Today


Score Distribution

Your Account Isn't Verified!

In order to create a playlist on Sporcle, you need to verify the email address you used during registration. Go to your Sporcle Settings to finish the process.

Report this User

Report this user for behavior that violates our Community Guidelines.

Details: